| 000 | 01017nam a22002537a 4500 | ||
|---|---|---|---|
| 003 | OSt | ||
| 005 | 20170301134909.0 | ||
| 008 | 110904s1988 ku|||||r|||| 00| 0 ara d | ||
| 040 | _aEG-BUE | ||
| 082 | 0 | 4 |
_a341.5 _bف ل س _222 |
| 100 |
_926966 _aابن طلال ، حسن |
||
| 245 |
_aالفلسطينيون : _bمن الاقتلاع إلى المقاومة / _cحسن بن طلال...]وآخ] |
||
| 260 |
_a]الكويت[ : _bمجلة العربي، 1988 _c1988 |
||
| 300 |
_a178 ص ؛ _c18 سم |
||
| 490 | _a ؛كتاب العربي | ||
| 541 |
_aعلاء عبد الغني ؛ _cإهداء ؛ |
||
| 650 |
_98530 _aالقضية الفلسطينية _2BUEsh |
||
| 650 |
_98291 _aالفدائيون الفلسطينيون _2BUEsh |
||
| 650 |
_98290 _aالمقاومة الفلسطينية _2BUEsh |
||
| 650 |
_915086 _aالنزاع العربى الإسرائيلى _2BUEsh |
||
| 650 |
_913308 _aوعد بلفور _2BUEsh |
||
| 651 |
_926967 _aفلسطين المحتلة 1948 م _2BUEsh |
||
| 942 |
_2ddc _cBB |
||
| 999 |
_c15942 _d15942 |
||